Искусство: сборник статей; Об отношении Г. В. Плеханова к искусству (по личным воспоминаниям); Г. В. Плеханов и "научная эстетика"; Статьи Г. В. Плеханова; Об искусстве; Искусство у первобытных народов (I-II статьи); Французская драматическая литература и французская живопись 18 века с точки зрения социологии; Искусство и общественная жизнь; Пролетарское движение и буржуазное искусство
| Hovedforfatter: | |
|---|---|
| Sprog: | russisk |
| Udgivet: |
Москва, Новая Москва, 1922
|
| TOC: | Л. И. Аксельрод- Ортодокс, Об отношении Г. В. Плеханова к искусству (по личным воспоминаниям); В. М. Фриче, Г. В. Плеханов и "научная эстетика"; Статьи Г. В. Плеханова; Об искусстве; Искусство у первобытных народов (I-II статьи); Французская драматическая литература и французская живопись 18 века с точки зрения социологии; Искусство и общественная жизнь; Пролетарское движение и буржуазное искусство; |
| Fag: | |
| Format: | MixedMaterials Bog |
| KOHA link: | https://koha.lib.tpu.ru/cgi-bin/koha/opac-detail.pl?biblionumber=312522 |
MARC
| LEADER | 00000nam0a2200000 4500 | ||
|---|---|---|---|
| 001 | 312522 | ||
| 005 | 20231102002507.0 | ||
| 010 | |b 10000 экз. | ||
| 035 | |a (RuTPU)RU\TPU\book\337891 | ||
| 090 | |a 312522 | ||
| 100 | |a 20151223d1922 k y0rusy50 ca | ||
| 101 | 0 | |a rus | |
| 102 | |a RU | ||
| 105 | |a y z 000zy | ||
| 200 | 1 | |a Искусство |e сборник статей |f Г. В. Плеханов | |
| 210 | |a Москва |c Новая Москва |d 1922 | ||
| 215 | |a 216 с. | ||
| 464 | |t Об отношении Г. В. Плеханова к искусству (по личным воспоминаниям) |f Л. И. Аксельрод- Ортодокс | ||
| 464 | |t Г. В. Плеханов и "научная эстетика" |f В. М. Фриче | ||
| 464 | |t Статьи Г. В. Плеханова | ||
| 464 | |t Об искусстве | ||
| 464 | |t Искусство у первобытных народов (I-II статьи) | ||
| 464 | |t Французская драматическая литература и французская живопись 18 века с точки зрения социологии | ||
| 464 | |t Искусство и общественная жизнь | ||
| 464 | |t Пролетарское движение и буржуазное искусство | ||
| 600 | 1 | |a Плеханов |b Г. В. |c российский политический деятель |c философ |c теоретик марксизма |f 1856-1918 |g Георгий Валентинович |2 stltpush |3 (RuTPU)RU\TPU\pers\1148 |9 520 | |
| 610 | 1 | |a искусство | |
| 675 | |a 7 |v 4 | ||
| 700 | 1 | |a Плеханов |b Г. В. |c российский политический деятель |c философ |c теоретик марксизма |f 1856-1918 |g Георгий Валентинович |2 stltpush |3 (RuTPU)RU\TPU\pers\1148 |9 520 | |
| 801 | 1 | |a RU |b 63413507 |c 20151223 | |
| 801 | 2 | |a RU |b 63413507 |c 20151223 |g RCR | |
| 942 | |c BK | ||